| 000 | 00348nam a22001457a 4500 | ||
|---|---|---|---|
| 008 | 210312b ||||| |||| 00| 0 eng d | ||
| 020 | _a9780873526999 | ||
| 041 | _aeng | ||
| 080 |
_22nd _a37 |
||
| 082 |
_22nd _a37 |
||
| 100 | _a25 | ||
| 101 | _aEDU | ||
| 245 |
_aMLA Style Manual and Guide to Scholarly Publishing _cGilbaldi,J |
||
| 942 |
_2udc _cBK |
||
| 999 |
_c56569 _d56569 |
||